Дело о приобретении для учебных заведений Министерства народного просвещения сочинения профессора Ледебурга под названием "Flora...

Доступно только в Электронных читальных залах Найти на картеНа карте
RUSMARC
00003715nmc2a22002413x 450
00139011f6d-392b-4d5d-9f6f-2d925e4695a0
00520250621154056.0
100##$a20241209l18421855k l0rusy0189 ca
1010#$arus
$ager
$afre
102##$aRU
105##$ay###
1222#$ad
2001#$aДело о приобретении для учебных заведений Министерства народного просвещения сочинения профессора Ледебурга под названием "Flora russica"
$j3 февраля 1842 г. - 24 марта 1855 г.
215##$a184 л.
$d38х26 см
251##$cДело
300##$aНа русском, немецком и французском языках
371##$aДокумент не является опубликованным и широко распространяемым
461#0$10012b5b8419-5ce4-4d16-a7a3-85720a295f1f
$12001
$aКанцелярия министра народного просвещения
$1251
$cФонд
$1852
$j735
462#0$1001562cc287-b13c-4f02-8029-f81535ba1e2e
$12001
$aКанцелярия министра народного просвещения
$1251
$cОпись
$1852
$j2
801#0$aRU
$bРГИА
$c20241209
$gRCR
801#1$aRU
$bГлавНИВЦ
$c20241209
$2rusmarc
801#2$aRU
$bПБ им. Б.Н. Ельцина
$c20250621
$gRCR
$2rusmarc
850##$aРГИА
852##$aРГИА
$eФедеральное казенное учреждение "Российский государственный исторический архив" (РГИА)
$j292
937##$hРГИА
$d12421210
$aASBIBLIO_SCAN
035##$aRusGRCC00083084
856##$uhttp://readingroom.main.prlib.ru/item.aspx?id_node=n196843950&mode=full
Формат отображения